| 000 | 00597nam a22001937a 4500 | ||
|---|---|---|---|
| 999 |
_c19839 _d19839 |
||
| 003 | AR-CdUCM | ||
| 008 | 190522b ||||| |||| 00| 0 spa d | ||
| 040 |
_aMUNICIPALIDAD PROVINCIAL DEL CUSCO _cBIBLIOTECA MUNICIPAL DEL CUSCO |
||
| 082 |
_a985.02 / _bV25 |
||
| 245 | _aDescubrimiento, conquista y virreynato / | ||
| 260 |
_aLima : _bMiranda, |
||
| 300 |
_a125 páginas ; _bIlustraciones, _c20 cm. |
||
| 505 | _aContenido: Historia del Perú. | ||
| 650 |
_aHistoria del Perú _9259 |
||
| 650 |
_aColonia _91685 |
||
| 650 |
_aVirreynato _9428 |
||
| 942 |
_2ddc _cLIBROS |
||
| 945 |
_adavv _d2019-05-22 |
||